|
|
|
|
| LEADER |
00000cam a2200000 7i4500 |
| 001 |
0000002083 |
| 005 |
20021010.0 |
| 020 |
0 |
0 |
|a 9832181283
|
| 090 |
0 |
0 |
|a R634.95609595
|b MAN 2002
|
| 245 |
0 |
2 |
|a A MANUAL for forest plantation establishment in Malaysia
|c editor, B. Krishnapillay
|
| 260 |
0 |
0 |
|a Kuala Lumpur :
|b Institut Penyelidikan Perhutanan Malaysia ,
|c 2002
|
| 300 |
|
|
|a xviii, 286 p. :
|b col. ill. ;
|c 26 cm.
|
| 440 |
0 |
0 |
|a Malayan forest records; n. 45
|
| 500 |
0 |
0 |
|a Includes bibliographical references
|
| 650 |
0 |
0 |
|a Forests and forestry
|z Malaysia
|x Handbooks, manuals, etc.
|
| 650 |
0 |
0 |
|a Tree farms
|z Malaysia
|x Handbooks, manuals, etc.
|
| 700 |
0 |
1 |
|a Krishnapillay
|h B.
|
| 710 |
1 |
1 |
|a Institut Penyelidikan Perhutanan Malaysia (FRIM)
|
| 998 |
|
|
|a JPSM
|
| 999 |
|
|
|a 0000003465
|b Monograph
|c Reference
|e Default branch
|
| 999 |
|
|
|a 0000003562
|b Monograph
|c Open Shelf
|e Default branch
|
| 999 |
|
|
|a 0000004685
|b Monograph
|c Open Shelf
|e Default branch
|